00285nam a2200109Ia 4500100001500000650001200015654001600027245007100043260004100114300000800155546001200163 aHusain K.  aGeneral aEngineering aEngineering Education and Technology : Quest for New Horizon bDharma Sastha printingaBombayc1995 a179 aENGLISH